000 00459nam a2200157Ia 4500
005 20250923144401.0
008 008 250917s9999 xx 000 0 eng d
037 _aTextual
040 _aDSWL
_beng
_cDSWL
041 _aeng
_2eng
084 _aYX;1-m7x, N49
_qDSWL
245 0 _aVoluntary action for social progress
_cby NCSS
260 _aSahakari
_bSahakari Parkashan
_c1949
942 _cTEXL
_hYX;1-m7x, N49
999 _c1438179
_d1438179